000 00618nam a22001937a 4500
005 20150113113059.0
010 _aENG-111469
020 _a9788174877178
_c550.00
035 _aEN-95001
037 _bDBAD/PUB
082 _a338.521
100 _aJain, Siddhartha Mohan
245 _aValue based pricing in changing marketing scenario /
_bby Siddhartha Mohan Jain
260 _aNew Delhi
_bRadha Publications
_c2011
270 _a4231/1, Ansari Road, Daryaganj
_bNew Delhi
_e110002
300 _a194p.
_c22cm(Hb)
500 _aIncludes bibliographical references
942 _2ddc
_cEN
_mJAI
_h338.521
999 _c90652
_d90652